000
00262nam a2200109Ia 4500
008
200302s9999 xx 000 0 und d
100
_a
Alberto Galardi
245
_a
New Italian Architecture
260
_b
The Architectural Press
260
_c
1967
300
_a
203 P.,
999
_c
253
_d
253